| 000 | 00675cam a22002531 4500 | ||
|---|---|---|---|
| 001 | sa 64006402 | ||
| 003 | DLC | ||
| 005 | 20260227112039.0 | ||
| 008 | 940927s1961 ii ac 000 0 telo | ||
| 010 | _asa 64006402 | ||
| 025 | _aPL480:I-Te-537 | ||
| 035 | _a(OCoLC)31187233 | ||
| 040 |
_aDLC _cCU _dCU _dDLC |
||
| 042 | _apremarc | ||
| 050 | 0 | 0 |
_aDS486.B25 _bV4 |
| 100 | 1 | _aVēṅkaṭasubbayya, Śiṣṭa. | |
| 245 | 1 | 0 | _aNā Badari yātra. |
| 260 | _c1961. | ||
| 300 |
_a2, 99 p. _bill., port. _c19 cm. |
||
| 500 | _aIn Telugu. | ||
| 651 | 0 | _aBadarīnāth (India). | |
| 610 | 2 | 0 | _aIndian National Congress. |
| 740 | 0 | _aJātīya Mahā Sabhā Saṅgraha caritra. | |
| 999 |
_c59672 _d59672 |
||